Electricity information 2004 with 2003 data

Gespeichert in:
Bibliographische Detailangaben
Körperschaft: OECD. International Energy Agency
Format: Buch
Sprache:Englisch
Veröffentlicht: Paris OECD 2004
Schriftenreihe:IEA statistics
Schlagworte:
Tags: Tag hinzufügen
Keine Tags, Fügen Sie das erste Tag hinzu!

MARC

LEADER 00000nam a2200000 4500
001 0021688
005 20240313134945.0
020 |a 92-64-10750-9 
041 0 |a eng 
044 |a FR 
245 1 0 |a Electricity information 2004  |b with 2003 data 
264 1 |a Paris  |b OECD  |c 2004 
300 |a viii, I.81, II.676 s. 
490 1 |a IEA statistics 
830 0 |a IEA statistics 
610 2 0 |a elektrina 
610 2 0 |a energia elektrická 
610 2 0 |a údaje štatistické 
610 2 0 |a produkcia 
610 2 0 |a spotreba 
610 2 0 |a sektory hospodárske 
610 2 0 |a porovnanie štatistické medzinárodné 
710 2 |a OECD. International Energy Agency